| 000 | 00669nam a2200217Ii 4500 | ||
|---|---|---|---|
| 003 | JO-AjNU | ||
| 008 | 230606s9999||||xx |||||||||||||| ||und|| | ||
| 020 | _a0-13-322124-5 | ||
| 040 |
_aJO-AjNU _beng _erda _cJO-AjNU |
||
| 041 | _aeng | ||
| 050 | 1 | 4 | _aHF5635 .E428 1993 |
| 100 | 3 |
_aElliott,Barry / Elliott,Jamie, _eauthor _93385 |
|
| 245 | 0 | 0 | _aFinancial accounting and reporting |
| 250 | _a1 ed | ||
| 264 | 3 | 1 | _aNew York : Prentice Hall,1993 |
| 300 |
_a639p _bIncludes references and indexes(P 632-639) |
||
| 336 |
_atext _btxt _2rdacontent |
||
| 337 |
_aunmediated _bn _2rdamedia |
||
| 338 |
_avolume _bnc _2rdacarrier |
||
| 650 | 4 |
_aAccounting - financial _93386 |
|
| 999 |
_aE1768 _c1768 _d1768 |
||